000 00773nam a2200253Ia 4500
003 GCL
008 140319s9999 xx 000 0 ara d
040 _aGCL /
_cGCL
082 0 4 _a805
_bد هـ
100 1 _aدار الهلال
245 1 0 _aالهلال - سبتمبر 1967 /
_cدار الهلال
300 _a162 ص
490 _aالهيئة العامة للاستعلامات
_v0
650 0 4 _aالشعر العربى
650 0 4 _aالقصص القصيرة
650 0 4 _aالنزاع العربى الاسرائيلى
650 0 4 _aالاشتراكية
650 0 4 _aالثقافة
650 0 4 _aابراهيم ناجى
650 0 4 _aالدوريات
650 0 4 _aالشباب الاوربى
650 0 4 _aهنرى الثامن
942 _2ddc
_cBK
999 _c51595
_d51595